| 000 | 00551nam a2200169 a 4500 | ||
|---|---|---|---|
| 005 | 20140412111249.0 | ||
| 008 | 050519s19uu xx 00 eng d | ||
| 020 | _a971-508-127-4 | ||
| 050 |
_aFil 398.2 _bC165 2001 |
||
| 100 | _aCanon, Kristine | ||
| 245 |
_aBakit matagal ang sundo ko? : _bwhy is my mommy late? / _cstory by Kristine Canon ; illustrations by Mariano Ching. |
||
| 260 |
_aManila, Philippines : _bAdarna House, _c2001. |
||
| 300 | _a1 v. (unp.) ; ill. | ||
| 440 | _aAdarna Karanasan | ||
| 650 | _aChildren stories | ||
| 999 |
_c103050 _d103050 |
||